Účetnictví ostatních obchodních společností.

Charakteristika a typy obchodných spoločností. Účtovníctvo verejne obchodných spoločností, komanditných spoločností a zmiešaných obchodných spoločností. Vzťahy medzi komplementárom a komandistami.

Gespeichert in:
Bibliographische Detailangaben
1. Verfasser: Havel, F.
Format: Buchkapitel
Sprache:Tschechisch
Schlagworte:
Tags: Tag hinzufügen
Keine Tags, Fügen Sie das erste Tag hinzu!

MARC

LEADER 00000naa a2200000 4500
001 r004301
005 20221125081504.7
041 0 |a cze 
044 |a [CS] 
245 1 0 |a Účetnictví ostatních obchodních společností.  |c F. Havel 
520 |a Charakteristika a typy obchodných spoločností. Účtovníctvo verejne obchodných spoločností, komanditných spoločností a zmiešaných obchodných spoločností. Vzťahy medzi komplementárom a komandistami. 
610 2 0 |a účtovníctvo 
610 2 0 |a spoločnosti obchodné 
610 2 0 |a spoločnosti zmiešané 
100 1 |a Havel, F.